000 00976nam a22003257a 4500
003 CHAP
005 20220329134559.0
008 971013s1977 r 00010 d
010 _a22473
011 _a23445
035 _a27541
040 _cCHAP
082 _a513.83
_bA8
100 0 0 _aAubin, Jean Pierre.
_98295
245 _aApplied abstract analysis
260 _aNew York :
_bWiley,
_c1977
300 _a263 p
490 _aPure and applied mathematics
590 _aBATCH-UPD
_b10
_c20130110
_lUCH01
_h1831
590 _aBATCH-UPD
_b10
_c20130410
_lUCH01
_h1203
590 _aBATCH-UPD
_b10
_c20130914
_lUCH01
_h1720
590 _aCONVERSION
_b10
_c20130109
_lUCH01
_h1313
650 1 4 _aJuegos, teoría de los.
_962279
650 1 4 _aOptimización matemática.
_983385
650 1 4 _aTopología.
_9113916
830 0 _aPure and applied mathematics
_993043
901 _aBK
942 _cLIBRO
949 _a513.83 A8
_bBC
_cLIBRO
_d33724000405247
_eLIBRO
_h56161
_i27541
_si
999 _c22473
_d22473